Normal view
MARC view
Entry Personal Name
001 - CONTROL NUMBER
- control field: 83357
003 - CONTROL NUMBER IDENTIFIER
- control field: OSt
005 - DATE AND TIME OF LATEST TRANSACTION
- control field: 20251009121914.0
008 - FIXED-LENGTH DATA ELEMENTS
- fixed length control field: 251009|| aca||aabn | a|a d
040 ## - CATALOGING SOURCE
- Original cataloging agency: OSt
- Transcribing agency: OSt
100 ## - HEADING--PERSONAL NAME
- Personal name: पराडकर,श्रीनिवास
670 ## - SOURCE DATA FOUND
- Source citation: Work cat.: (OSt)68234: पराडकर,श्रीनिवास , मध्यप्रदेश वित्तीय शक्ति पुस्तिका भाग 1 और 2 , 2024









